Loading...

Alte und moderne Graphik des 15. bis 20. Jahrhunderts : Versteigerung 28. bis 30. November 1938

Saved in:
Bibliographic Details
Document Type: Online Resource Book
Language:German
Published: Berlin : Puppel , 1938
Series:Versteigerung / Reinhold Puppel, Kunstantiquariat 59
Subjects:
Online Access:kostenfrei
kostenfrei
Related Items:Erscheint auch als: Alte und moderne Graphik des 15. bis 20. Jahrhunderts
Kommentar in: Hanns Heinz Stinnes, Berlin (Einlieferung "3.> St. in B."), Auktion Reinhold Puppel 28.-30.11.1938
LEADER 03357cam a2200637 c 4500
001 1403784736
003 DE-627
005 20260423150727.0
007 cr cn 008aaaaa
008 101119s1938 xx |||||oc 00| ||ger c
024 7 |a urn:nbn:de:bsz:16-diglit-56378  |2 urn 
024 7 |a 10.11588/diglit.5637  |2 doi 
035 |a (DE-627)1403784736 
035 |a (DE-576)333784731 
035 |a (DE-599)BSZ333784731 
035 |a (OCoLC)1533786875 
035 |a (OCoLC)699667793 
040 |a DE-627  |b ger  |c DE-627  |e rakwb 
041 |a ger 
084 |a 9,10  |2 ssgn 
245 0 0 |a Alte und moderne Graphik des 15. bis 20. Jahrhunderts  |b Versteigerung 28. bis 30. November 1938 
264 1 |a Berlin  |b Puppel  |c 1938 
300 |a 82 S., [8] Bl.  |b Ill.  |e 1 Schätzpreisliste 
336 |a Text  |b txt  |2 rdacontent 
337 |a Computermedien  |b c  |2 rdamedia 
338 |a Online-Ressource  |b cr  |2 rdacarrier 
490 1 |a Versteigerung / Reinhold Puppel, Kunstantiquariat  |v 59 
500 |a In Sammelmappe 
505 8 0 |t Darunter seltene Blätter von Bickart, Brenbergh, Brueghel, Callot, Dürer, Gellée, Meckenem, Neyts, Ostade, Rembrandt, Schongauer u.a., Bonington, Delacroix, Doré, Caspar David Friedrich, Gavarini, Schmutzer, Staufer-Bern, Zorn. u.a. 
505 8 0 |t Bücher (Zeitschriften, Jahrbücher, Kalender), Kunst, Industrie, Technik etc., Schlesien, Geschichte (dabei eine grosse Abteilung Weltkrieg) 
533 |a Online-Ausg.  |b Heidelberg  |c Univ.-Bibl.  |d 2011  |e Online-Ressource  |f Heidelberger historische Bestände - digital  |7 |2011|||||||||| 
583 1 |a Archivierung/Langzeitarchivierung gewährleistet  |x XA-DE-BW  |2 pdager  |5 DE-16 
655 7 |a Auktionskatalog  |y 1938  |z Berlin  |0 (DE-588)4143482-1  |0 (DE-627)105605212  |0 (DE-576)209726652  |2 gnd-content 
689 0 0 |d s  |0 (DE-588)4395805-9  |0 (DE-627)191444707  |0 (DE-576)211402370  |a Arbeiten auf Papier  |2 gnd 
689 0 1 |a z  |2 gnd  |a Geschichte 1400-1930 
689 0 |5 (DE-627) 
689 1 0 |d s  |0 (DE-588)4008570-3  |0 (DE-627)106367315  |0 (DE-576)208877150  |a Buch  |2 gnd 
689 1 1 |a z  |2 gnd  |a Geschichte 1400-1930 
689 1 |5 (DE-627) 
689 2 0 |d s  |0 (DE-588)4067488-5  |0 (DE-627)10454466X  |0 (DE-576)20917000X  |a Zeitschrift  |2 gnd 
689 2 1 |a z  |2 gnd  |a Geschichte 1700-1900 
689 2 |5 (DE-627) 
776 0 8 |i Erscheint auch als  |n Druck-Ausgabe  |t Alte und moderne Graphik des 15. bis 20. Jahrhunderts  |d Berlin : Puppel, 1938  |h 82 S., [8] Bl.  |w (DE-627)1400226953  |w (DE-576)330226959 
787 0 8 |i Kommentar in  |a Biever, Sara Sophie  |t Hanns Heinz Stinnes, Berlin (Einlieferung "3.> St. in B."), Auktion Reinhold Puppel 28.-30.11.1938  |d Heidelberg : Universitätsbibliothek Heidelberg, 2026  |h 1 Online-Ressource  |w (DE-627)1969486406 
810 2 |a Reinhold Puppel, Kunstantiquariat  |g Berlin  |t Versteigerung  |v 59  |9 59  |w (DE-627)638069254  |w (DE-576)332676714  |w (DE-600)2578692-1  |7 am 
856 4 0 |u https://doi.org/10.11588/diglit.5637  |x Resolving-System  |x Digitalisierung  |x Langzeitarchivierung  |z kostenfrei  |3 Volltext  |7 0 
856 4 0 |u http://digi.ub.uni-heidelberg.de/diglit/puppel1938_11_28  |x Digitalisierung  |x Langzeitarchivierung  |z kostenfrei  |3 Volltext  |7 0 
935 |h SWB  |i ld 
951 |a BO 
990 |a Arbeiten auf Papier 
990 |a Geschichte 1400-1930 
990 |a Buch 
990 |a Geschichte 1400-1930 
990 |a Zeitschrift 
990 |a Geschichte 1700-1900 
999 |a KXP-PPN1403784736  |e 2934668290